[Event "Tula Region-ch"]
[Site "Tula"]
[Date "2014.03.11"]
[Round "1"]
[White "Naidenov, Ilia"]
[Black "Ovchinnikov, Yury"]
[Result "0-1"]
[WhiteElo "1889"]
[BlackElo "2250"]
[PlyCount "104"]
[EventDate "2014.03.11"]
[EventType "swiss"]
[EventRounds "9"]
[EventCountry "RUS"]
[SourceTitle "CBM 159 Extra"]
[Source "ChessBase"]
[SourceDate "2014.04.24"]
[SourceVersion "1"]
[SourceVersionDate "2014.04.24"]
[SourceQuality "1"]

1. e4 e6 2. d4 d5 3. e5 c5 4. c3 Nc6 5. Nf3 Bd7 6. dxc5 Bxc5 7. b4 Bf8 8. Be3 Qc7 9. Bd4 Nxd4 10. Qxd4 Ne7 11. Bd3 Nc6 12. Qe3 d4 13. cxd4 Nxb4 14. 0-0 Nxd3 15. Qxd3 Rc8 16. Nbd2 Qc2 17. Qxc2 Rxc2 18. Rfc1 Rxc1+ 19. Rxc1 Bc6 20. Ng5 Bb4 21. Nge4 Kd7 22. f3 Rc8 23. Kf2 Bxe4 24. Rxc8 Bxd2 25. Rg8 Bg6 26. Rxg7 b5 27. g4 a5 28. h4 h5 29. gxh5 Bxh5 30. Rh7 Bg6 31. Rh8 a4 32. h5 Bf5 33. Ke2 Bc3 34. Ke3 b4 35. h6 b3 36. axb3 axb3 37. h7 b2 38. Rd8+ Kxd8 39. h8Q+ Ke7 40. Qc8 Bxd4+ 41. Kxd4 b1Q 42. Qc5+ Kd7 43. Qd6+ Ke8 44. Ke3 Qg1+ 45. Kf4 Qh2+ 46. Ke3 Qh4 47. Qb8+ Qd8 48. Qb5+ Kf8 49. Qc5+ Kg7 50. Kf4 Qh4+ 51. Ke3 Qg5+ 52. Ke2 Qg2+ 0-1